[Event "Trichy Pro Chess op 1st"]
[Site "Trichy"]
[Date "2017.11.17"]
[Round "3"]
[White "Singaram, PL."]
[Black "Sekar, B."]
[Result "1-0"]
[WhiteElo "1682"]
[BlackElo "2278"]
[PlyCount "57"]
[EventDate "2017.11.16"]
[EventType "swiss"]
[EventRounds "8"]
[EventCountry "IND"]
[SourceTitle "EXT 2019"]
[Source "ChessBase"]
[SourceDate "2018.10.10"]
[SourceVersion "1"]
[SourceVersionDate "2018.10.10"]
[SourceQuality "1"]

1. e4 c5 2. Nf3 d6 3. d4 cxd4 4. Nxd4 Nf6 5. Nc3 a6 6. Bc4 e6 7. Bb3 Nbd7 8. Bg5 Nc5 9. f4 Be7 10. Qf3 Qc7 11. 0-0 0-0 12. f5 Nxb3 13. cxb3 Bd7 14. Kh1 Rae8 15. Rad1 b5 16. Rc1 Qb6 17. fxe6 fxe6 18. Be3 Qb8 19. b4 Qa8 20. e5 Nd5 21. Nxd5 exd5 22. Qg3 dxe5 23. Bh6 g6 24. Qxe5 Bf6 25. Qd6 Bxd4 26. Rxf8+ Rxf8 27. Bxf8 Bf5 28. Rc7 Bxb2 29. Qe7 1-0